MARC details
| 000 -CABECERA |
| campo de control de longitud fija |
06389nam a2200493 a 4500 |
| 001 - NÚMERO DE CONTROL |
| campo de control |
dia_4766 |
| 003 - IDENTIFICADOR DEL NÚMERO DE CONTROL |
| campo de control |
CHAP |
| 005 - FECHA Y HORA DE LA ÚLTIMA TRANSACCIÓN |
| campo de control |
20241010093450.0 |
| 007 - CAMPO FIJO DE DESCRIPCIÓN FÍSICA--INFORMACIÓN GENERAL |
| campo de control de longitud fija |
ta |
| 008 - DATOS DE LONGITUD FIJA--INFORMACIÓN GENERAL |
| campo de control de longitud fija |
220117s2011 mx abdofrm 001 0 spa d |
| 010 ## - NÚMERO DE CONTROL DE LA BIBLIOTECA DEL CONGRESO |
| Número de control de LC |
175523 |
| 040 ## - FUENTE DE LA CATALOGACIÓN |
| Centro catalogador/agencia de origen |
mxchpua |
| Centro/agencia transcriptor |
CHAP |
| 041 0# - CÓDIGO DE LENGUA |
| Código de lengua del texto/banda sonora o título independiente |
spa |
| Código de lengua del sumario o resumen |
eng |
| 090 ## - LOCALMENTE ASIGNADO TIPO-LC NÚMERO DE CLASIFICACIÓN (OCLC); NÚMERO DE CLASIFICACIÓN LOCAL (RLIN) |
| Número de clasificación (OCLC) (R) ; Numero de clasificación, CALL (RLIN) (NR) |
Tesis |
| Número cutter local (OCLC) ; Número de libro/Signatura topográfica íntegra, CALL (RLIN) |
S264 |
| año |
2011 |
| 100 1# - ENTRADA PRINCIPAL--NOMBRE DE PERSONA |
| Nombre de persona |
Santiago López, Lourdes |
| 245 10 - MENCIÓN DE TÍTULO |
| Título |
Estudio del potencial probiótico de bacterias ácido lácticas aisladas de queso cocido artesanal del estado de Sonora / |
| Mención de responsabilidad, etc. |
Lourdes Santiago López |
| 264 ## - PRODUCCIÓN, PUBLICACIÓN, DISTRIBUCIÓN, FABRICACIÓN Y COPYRIGHT |
| Producción, publicación, distribución, fabricación y copyright |
Chapingo, México : |
| Nombre del de productor, editor, distribuidor, fabricante |
El autor, |
| Fecha de producción, publicación, distribución, fabricación o copyright |
2011 |
| 300 ## - DESCRIPCIÓN FÍSICA |
| Extensión |
xii, 72 hojas : |
| Otras características físicas |
ilustraciones, tablas, gráficas, mapas, fotos + |
| Material acompañante/anejo |
1 CD-ROM |
| 336 ## - TIPO DE CONTENIDO |
| Fuente |
rdacontent |
| Término de tipo de contenido |
texto |
| Código de tipo de contenido |
txt |
| 337 ## - TIPO DE MEDIO |
| Fuente |
rdamedia |
| Nombre/término del tipo de medio |
no mediado |
| Código del tipo de medio |
n |
| 338 ## - TIPO DE SOPORTE |
| Fuente |
rdacarrier |
| Nombre/término del tipo de soporte |
volumen |
| Código del tipo de soporte |
nc |
| 502 ## - NOTA DE TESIS |
| Nota de tesis |
Tesis |
| Tipo de título |
(Ingeniero Agroindustrial) -- |
| Nombre de la institución que otorga el título |
UACh. Departamento de Ingeniería Agroindustrial, |
| Año de obtención del título |
2011 |
| 504 ## - NOTA DE BIBLIOGRAFÍA, ETC. |
| Nota de bibliografía, etc. |
Bibliografía: hojas 63-72 |
| 520 3# - SUMARIO, ETC. |
| Sumario, etc. |
Desde la antigüedad, las bacterias probióticas han sido utilizadas de forma empírica con fines terapéuticos, a través del consumo de diversos productos lácteos y vegetales fermentados preparados de forma artesanal. La observación original de la función positiva desempeñada por estas bacterias se atribuye a Eli Metchnikoff y a partir de esta, la industria láctea ha incrementado en el mercado la disposición de lácteos fermentados que, además de poseer características sensoriales atractivas, también proporcionan al individuo beneficios para su salud. Los probióticos se definen como: microorganismos vivos que suplementados en el organismo, confieren efectos benéficos a la salud del hospedero manteniendo un balance intestinal. Los cultivos probióticos han sido explotados extensivamente por la industria láctea como un medio para el desarrollo de productos novedosos. Para la selección de microorganismos probióticos, se deben considerar varios aspectos, incluyendo características de inocuidad, funcionalidad, los aspectos fisiológicos así como los tecnológicos; para ello los ensayos in vitro son de utilidad para evaluar la inocuidad de los microorganismos probióticos, ya que permiten adquirir conocimientos sobre las cepas y el mecanismo del efecto probiótico. El objetivo del presente estudio fue evaluar las propiedades probióticas de cepas de bacterias ácido lácticas (BAL) aisladas de queso Cocido artesanal del estado de Sonora. La tolerancia al tracto gastrointestinal de 15 cepas aisladas fue determinado por exposición de las células a 37 ºC en una solución de PBS (Ph 3.0), PBS con pepsina (pH 2.0, 3mg/mL), PBS con pancreatina (pH 8.0, 1 mg/mL), caldo MRS (0.3% p/v de sales biliares); inhibición en presencia de lisozima (0.2, 0.4, 0.6, 0.8, 1.0, 10 mg/mL); su capacidad de autoagregación e hidrofobicidad así como hidrolisis de proteína y almidón; su actividad hemolítica y resistencia a 12 antibióticos. De 15 cepas evaluadas 13 presentaron viabilidad en condiciones simuladas del tracto gastrointestinal. El porcentaje de autoagregación e hidrofobicidad fue más alto para la cepa LM2De 13 cepas evaluadas, 5 presentaron resistencia a 12 antibióticos y 3 fueron sensibles a Cefuroxima; las cepas presentaron ?-hemolisis así como capacidad de hidrolizar proteína, pero no así para almidón. Los resultados obtenidos in vitro fueron aceptables para 13 cepas estudiadas, lo cual la clasificaría como potencialmente probióticas. |
| 520 3# - SUMARIO, ETC. |
| Sumario, etc. |
Since antiquity, probiotic bacteria have been used empirically with therapeutic purposes through the consumption of various fermented dairy products and vegetables prepared in a traditional way. The original observation of the positive role played by these bacteria is attributed to Eli Metchnikoff and because of that the dairy industry has increased the available market of fermented milk products, besides having attractive sensory characteristics, they also provide benefits for the individual health, so that probiotics are defined as "live microorganisms supplemented in the body to confer beneficial health effects of the host intestinal maintaining a balance".Probioticcultures have been exploited extens ively by the dairy industry as a means to develop innovative products. In the selection of probiotic should consider various aspects including security features, functional, physiological and technological, for this in vitro tests are useful for evaluating the safety of probiotic microorganisms, allowing gain knowledge of strains and the mechanism of probiotic effect, so this study was conducted to assess probiotic properties of strains isolated from artesanal cocido cheese in Sonora. Gastrointestinal tolerance of 15 isolates was determined by exposing cells to 37°C in a solution of PBS (pH 3.0), PBS with pepsin (pH 2.0, 3mg/mL), PBS with pancreatin (pH 8.0, 1 mg/mL), MRS broth (0.3% w/v of bile salts), inhibition in the presence of lysozyme (0.2, 0.4, 0.6, 0.8, 1.0, 10 mg / mL), their ability to autoaggregation and hydrophobicity and protein hydrolysis and starch, and its haemolytic activity and resistance to twelve antibiotics. Of fifteen strains tested 13 showed viability in simulated conditions of the gastrointestinal tract. The percentage of autoaggregation and hydrophobicity washigher for strain LM2Of thirteen strains tested, five were resistant to twelve antibiotics and three were susceptible to cefuroxime, the strains showed ?-haemolysis and the ability to hydrolyze protein but not to starch. The results obtained in vitro were acceptable for 13 strains studied. |
| 650 13 - PUNTO DE ACCESO ADICIONAL DE MATERIA--TÉRMINO DE MATERIA |
| Término de materia o nombre geográfico como elemento de entrada |
Bacterias del ácido láctico |
| Fuente del encabezamiento o término |
atg |
| 650 13 - PUNTO DE ACCESO ADICIONAL DE MATERIA--TÉRMINO DE MATERIA |
| Término de materia o nombre geográfico como elemento de entrada |
Microbiología alimentaria |
| Fuente del encabezamiento o término |
atg |
| 650 13 - PUNTO DE ACCESO ADICIONAL DE MATERIA--TÉRMINO DE MATERIA |
| Término de materia o nombre geográfico como elemento de entrada |
Microorganismos benéficos |
| Fuente del encabezamiento o término |
atg |
| 650 13 - PUNTO DE ACCESO ADICIONAL DE MATERIA--TÉRMINO DE MATERIA |
| Término de materia o nombre geográfico como elemento de entrada |
Probióticos |
| Fuente del encabezamiento o término |
atg |
| 650 13 - PUNTO DE ACCESO ADICIONAL DE MATERIA--TÉRMINO DE MATERIA |
| Término de materia o nombre geográfico como elemento de entrada |
Quesos |
| Fuente del encabezamiento o término |
atg |
| 650 13 - PUNTO DE ACCESO ADICIONAL DE MATERIA--TÉRMINO DE MATERIA |
| Término de materia o nombre geográfico como elemento de entrada |
Cheeses |
| Fuente del encabezamiento o término |
atg |
| 650 13 - PUNTO DE ACCESO ADICIONAL DE MATERIA--TÉRMINO DE MATERIA |
| Término de materia o nombre geográfico como elemento de entrada |
Lactic acid bacteria |
| Fuente del encabezamiento o término |
atg |
| 650 13 - PUNTO DE ACCESO ADICIONAL DE MATERIA--TÉRMINO DE MATERIA |
| Término de materia o nombre geográfico como elemento de entrada |
Food microbiology |
| Fuente del encabezamiento o término |
atg |
| 650 13 - PUNTO DE ACCESO ADICIONAL DE MATERIA--TÉRMINO DE MATERIA |
| Término de materia o nombre geográfico como elemento de entrada |
Probiotics |
| Fuente del encabezamiento o término |
atg |
| 650 13 - PUNTO DE ACCESO ADICIONAL DE MATERIA--TÉRMINO DE MATERIA |
| Término de materia o nombre geográfico como elemento de entrada |
Beneficial microorganisms |
| Fuente del encabezamiento o término |
atg |
| 700 1# - PUNTO DE ACCESO ADICIONAL--NOMBRE DE PERSONA |
| Nombre de persona |
Vallejo Galland, Belinda |
| Término indicativo de función/relación |
directora |
| 700 1# - PUNTO DE ACCESO ADICIONAL--NOMBRE DE PERSONA |
| Nombre de persona |
González Córdoba, Aarón Fernando |
| Término indicativo de función/relación |
asesor |
| 700 1# - PUNTO DE ACCESO ADICIONAL--NOMBRE DE PERSONA |
| Nombre de persona |
Santos Moreno, Armando |
| Término indicativo de función/relación |
asesor |
| 856 41 - LOCALIZACIÓN Y ACCESO ELECTRÓNICOS |
| Identificador Uniforme del Recurso |
<a href="http://10.13.5.2/tesis/113012.pdf">http://10.13.5.2/tesis/113012.pdf</a> |
| Texto de enlace |
DESCARGAR PDF |
| 901 ## - ELEMENTOS DE DATOS A LOCAL LDA (RLIN) |
| a |
TESIS S264 2011 |
| 942 ## - ELEMENTOS DE PUNTO DE ACCESO ADICIONAL (KOHA) |
| Tipo de ítem Koha |
TESIS |
| Fuente del sistema de clasificación o colocación |
Clasificación Universidad Autónoma Chapingo |
| 902 ## - ELEMENTOS DE DATOS B LOCAL, LDB (RLIN) |
| a |
M |
| 905 ## - ELEMENTOS DE DATOS E LOCAL, LDE (RLIN) |
| a |
5232272011 mx dmnl8223223322spa16 |